Statistiques concernant Abbayes de France

Cliquez ici pour prendre le quiz!

Statistiques générales

  • Ce quiz a été pris 28 fois
  • Le résultat moyen est 3 sur 81

Statistiques - réponses

HintRéponse% Correct
TrappistesCîteaux
37%
BénédictinsParis
30%
CisterciensSénanque
26%
BénédictinsSolesmes
19%
BénédictinsFontgombault
15%
BénédictinsLa Pierre- qui-Vire
15%
BénédictinesOriocourt ou Sacré Coeur
15%
Chemin NeufHautecombe
11%
TrappistinesCampénéac
7%
Saint-JeanLa Chaise- Dieu
7%
BénédictinsLandévennec
7%
TrappistesLa Trappe
7%
CisterciensLérins
7%
BénédictinsSaint- Wandrille
7%
TrappistesAcey
4%
TrappistesAiguebelle
4%
Sœurs melkitesAubazine
4%
BénédictinesBarroux (Annonciation)
4%
BénédictinsBarroux (Sainte Madeleine)
4%
TrappistesBellefontaine
4%
BénédictinsBelloc
4%
CisterciennesBoulaur
4%
TrappistesBricquebec
4%
TrappistinesÉchourgnac
4%
BénédictinsEn-Calcat
4%
ChartreuxGrande Chartreuse
4%
BénédictinsLigugé
4%
TrappistesMelleray
4%
TrappistesOelenberg
4%
TrappistesSept-Fons
4%
DominicainsSylvanès
4%
TrappistesTamié
4%
TrappistesTimadeuc
4%
TrappistinesBaumgarten
0%
BénédictinsBellaigue
0%
TrappistinesBlauvac
0%
NorbertinesBonlieu
0%
TrappistinesBonneval
0%
Chemin NeufBoquen
0%
CisterciennesCastagniers
0%
DominicainesChalais
0%
TrappistinesChambarand
0%
BénédictinesChantelle
0%
BénédictinsClairval
0%
BénédictinsCuxa
0%
BénédictinesDourgne
0%
BénédictinesEyres- Moncube
0%
TrappistinesIgny
0%
TrappistinesJassonneix
0%
BénédictinesJouarre
0%
BénédictinesKerbénéat
0%
BénédictinsKergonan (Sainte-Anne)
0%
BénédictinesKergonan (Saint-Michel)
0%
TrappistinesLa Paix- Dieu ou Cabanoule
0%
BernardinesLa Plaine
0%
Petits frères des PauvresLa Prée
0%
TrappistinesLaval (La Coudre)
0%
BénédictinsLe Bec-Hellouin
0%
TrappistesLe Désert
0%
TrappistesLe Mont des Cats
0%
JérusalemLe Mont Saint-Michel
0%
BénédictinsLe Pesquié
0%
TrappistinesLe Rivet
0%
Chemin NeufLes Dombes
0%
TrappistinesLes Gardes
0%
BénédictinesMas-Grenier
0%
BénédictinesMaumont
0%
BénédictinsMaylis
0%
CarmélitesMicy
0%
ChartreusesNonenque
0%
Bénédictins (Congrégation Notre-Dame d'Espérance)Notre-Dame de la Grainetière
0%
TrappistesNotre-Dame- des-Neiges
0%
Bénédictins (Congrégation Notre-Dame d'Espérance)Notre-Dame d'Espérance
0%
BénédictinsPradines
0%
BénédictinsRandol
0%
CisterciennesRieunette
0%
Chemin NeufSablonceaux
0%
BénédictinesValognes
0%
BénédictinesVauhallan
0%
BénédictinesVenière
0%
ClarissesVoreppe
0%

Distribution des résultats

Percentile par nombre de réponses

% des personnes avec chaque résultat

Votre développement - résultats

Vous n’avez pas pris ce quiz